Escritos espirituales / (Record no. 23097)

MARC details
000 -LEADER
campo de control de longitud fija 00624nam a2200193 i 4500
001 - NÚMERO DE CONTROL
campo de control 23097
003 - IDENTIFICADOR DE NÚMERO DE CONTROL
campo de control ES-MaACL
005 - FECHA Y HORA DE LA ÚLTIMA TRANSACCIÓN
campo de control 20230906152821.0
007 - CAMPO FIJO DE DESCRIPCIÓN FÍSICA--INFORMACIÓN GENERAL
campo de control de longitud fija t|
008 - DATOS DE LONGITUD FIJA--INFORMACIÓN GENERAL
campo de control de longitud fija 021209s1961 sp ||||1| spa d
100 1# - ENTRADA PRINCIPAL--NOMBRE DE PERSONA
Nombre de persona Alvarez, Baltasar.
9 (RLIN) 20618
245 10 - MENCIÓN DEL TÍTULO
Título Escritos espirituales /
Mención de responsabilidad, etc. Baltasar Alvarez ; introducción biográfica y edición por Camilo Mª Abad y Faustino Boado.
260 ## - PUBLICACIÓN, DISTRIBUCIÓN, ETC.
Lugar de publicación, distribución, etc. Barcelona :
Nombre del editor, distribuidor, etc. Flors,
Fecha de publicación, distribución, etc. 1961.
300 ## - DESCRIPCIÓN FÍSICA
Extensión 740 p. ;
Dimensiones 18 cm.
700 1# - ENTRADA AGREGADA--NOMBRE PERSONAL
Nombre de persona Abad, Camilo María,
Fechas asociadas al nombre 1878-1969
9 (RLIN) 226437
700 1# - ENTRADA AGREGADA--NOMBRE PERSONAL
Nombre de persona Boado, Faustino.
9 (RLIN) 29624
852 ## - LOCALIZACIÓN
Ubicación ES-MaACL
Número de control de estantería F-252
Sublocalización o colección R.47998
Holdings
Estatus retirado Estado de pérdida Estado de daño No para préstamo Biblioteca de origen Biblioteca actual Ubicación en estantería Fecha de adquisición Fuente de adquisición Total de préstamos Signatura topográfica completa Código de barras Visto por última vez Precio de reemplazo Tipo de ítem Koha
        Biblioteca del Ateneo de Madrid Biblioteca del Ateneo de Madrid Depósito 2 17/01/2008     F-252 1023797 23/02/2023 23/02/2023 Libro impreso